000 01240nam a2200325 a 4500
001 ebr10454832
003 CaPaEBR
006 m u
007 cr cn|||||||||
008 100709s2011 dcu sb 000 0 eng d
010 _z 2010028987
020 _z9780844743776 (pbk.)
020 _z0844743771 (pbk.)
020 _z9780844743783 (e-book)
040 _aCaPaEBR
_cCaPaEBR
035 _a(OCoLC)715183421
050 1 4 _aHB501
_b.B794 2011eb
082 0 4 _a174
_222
100 1 _aBrooks, Arthur C.
245 1 0 _aWealth and justice
_h[electronic resource] :
_bthe morality of democratic capitalism /
_cArthur C. Brooks and Peter Wehner.
260 _aWashington, D.C. :
_bAEI Press,
_c2011.
300 _axxi, 67 p.
504 _aIncludes bibliographical references.
533 _aElectronic reproduction.
_bPalo Alto, Calif. :
_cebrary,
_d2011.
_nAvailable via World Wide Web.
_nAccess may be limited to ebrary affiliated libraries.
650 0 _aCapitalism
_xMoral and ethical aspects.
655 7 _aElectronic books.
_2local
700 1 _aWehner, Peter.
710 2 _aebrary, Inc.
856 4 0 _uhttp://site.ebrary.com/lib/rucke/Doc?id=10454832
_zAn electronic book accessible through the World Wide Web; click to view
999 _c124291
_d124291